Phương pháp giải toán hoá hữu cơ : Tóm tắt lý thuyết và phương pháp giải toán; Sắp xếp và giải chi tiết 100 bài toán hoá hữu cơ thuộc bộ đề thi; Tham khảo đề thi tuyển sinh của một số trường đại học /
Shranjeno v:
| Glavni avtor: | |
|---|---|
| Format: | Sách giấy |
| Jezik: | Vietnamese |
| Izdano: |
Tp. Hồ Chí Minh :
Nxb. Tp. Hồ Chí Minh,
1999.
|
| Teme: | |
| Oznake: |
Označite
Brez oznak, prvi označite!
|
| Thư viện lưu trữ: | Thư viện Trường Đại học Đà Lạt |
|---|
| LEADER | 00975nam a2200301 4500 | ||
|---|---|---|---|
| 001 | DLU090103213 | ||
| 005 | ##20091230 | ||
| 040 | # | # | |a DLU |b vie |
| 041 | # | # | |a vie |
| 044 | # | # | |a vn |
| 082 | # | # | |a 547.007 6 |b NG-T |
| 100 | # | # | |a Nguyễn Phước Hoà Tân. |
| 245 | # | # | |a Phương pháp giải toán hoá hữu cơ : |b Tóm tắt lý thuyết và phương pháp giải toán; Sắp xếp và giải chi tiết 100 bài toán hoá hữu cơ thuộc bộ đề thi; Tham khảo đề thi tuyển sinh của một số trường đại học / |c Nguyễn Phước Hoà Tân. |
| 260 | # | # | |a Tp. Hồ Chí Minh : |b Nxb. Tp. Hồ Chí Minh, |c 1999. |
| 300 | # | # | |a 327 tr. ; |c 21 cm. |
| 653 | # | # | |a Hoá hữu cơ |
| 653 | # | # | |a Sách bài tập |
| 923 | # | # | |a 15/2009 |
| 991 | # | # | |a GT |
| 992 | # | # | |a 15000 |
| 994 | # | # | |a DLU |
| 900 | # | # | |a True |
| 911 | # | # | |a Đào Thị Thu Huyền |
| 925 | # | # | |a G |
| 926 | # | # | |a A |
| 927 | # | # | |a SH |
| 980 | # | # | |a Thư viện Trường Đại học Đà Lạt |